| 000 | nam a22 a 4500 | ||
|---|---|---|---|
| 999 |
_c149276 _d149276 |
||
| 003 | BLK | ||
| 005 | 20230410125825.0 | ||
| 008 | 180410b bul|||||r ||||||| ||bul|| | ||
| 010 | _aKNG00155530000 | ||
| 020 | _a954-8014-04-1 | ||
| 040 | _aBLK | ||
| 041 |
_aBUL _cBUL |
||
| 080 |
_aНемска литература _b821.112.2 _x.01 _z821.112.2.01 |
||
| 100 | 1 |
_aБорисова, Багрелия _eпърви автор _9365990 |
|
| 139 |
_aБорисова, Багрелия _bБ 65 |
||
| 245 | 1 | 0 |
_aЗа фантастичното в късния немски романтизъм _bИзследване _cБагрелия Борисова. |
| 257 | _aBGR | ||
| 260 |
_aСофия _bЗАГЕР _c1993 |
||
| 300 |
_a144 с. _c20 см |
||
| 380 | _a82 | ||
| 500 | _aБиблиогр. с. 142-143 | ||
| 650 | 4 |
_aНемска литература - стилове - романтизъм _9280691 |
|
| 650 | 4 |
_aРомантизъм в литературата _9269876 |
|
| 653 | _aнемска литература | ||
| 653 | _aромантизъм | ||
| 653 | _aфантастика | ||
| 852 |
_aЦб 172742 _bЦб |
||
| 856 | 4 |
_qpdf _i0.00 _ldisable |
|
| 856 | 4 |
_qpdf _i0.00 _ldisable |
|
| 942 |
_cKNG _n0 _s1 |
||
| 944 |
_aCR _c11.01.2014 _l11.01.2014 - от С1,Р / 11.01.2014 _kКети_Илиева |
||
| 944 |
_aED _c29.09.2017 _l11.01.2014 - от С1,Р / 11.01.2014 _kГеновева_Генчева |
||
| 999 | _d149276 | ||